[Event "Chess Festival Cracovia B 2020"]
[Site "Krakow"]
[Date "2020.12.31"]
[Round "5.6"]
[White "Krawczyk, Flawian"]
[Black "Bartoszewicz, Marcin"]
[Result "1-0"]
[WhiteElo "2073"]
[BlackElo "1927"]
[Annotator "TA"]
[PlyCount "97"]
[EventDate "2020.12.28"]
[EventCountry "POL"]
[SourceTitle "playchess.com"]
[Source "ChessBase"]
[SourceQuality "1"]

{[%evp 14,97,19,16,55,54,52,41,43,39,75,58,102,62,86,54,175,173,137,131,195,200,198,195,200,118,217,212,280,279,318,309,327,319,319,318,332,209,268,254,261,251,257,261,250,251,297,297,297,303,497,497,475,440,474,472,473,370,847,856,899,883,869,868,670,840,899,898,895,888,862,838,773,754,1152,1151,1067,1067,2652,2455,2305,1994,29968,29967,5932,5932]} 1. d4 d5 2. c4 e6 3. Nf3 Nf6 4. g3 Be7 5. Bg2 O-O 6. O-O Nbd7 7. Qc2 c6 8. Rd1 Nb6 {E08: Closed Catalan: Main Line: 7 Qc2.} 9. b3 a5 {[#]} 10. a4 $146 ({Predecessor:} 10. Nbd2 a4 11. Rb1 axb3 12. axb3 Ba3 13. Bxa3 Rxa3 14. Ra1 Rxa1 15. Rxa1 Nbd7 16. e4 dxe4 17. Nxe4 Nxe4 18. Qxe4 {1-0 (57) Tadic,B (2473)-Pagnutti,L (1947) Nova Gorica 2019}) 10... Nbd7 {White is slightly better.} 11. Nc3 Qb6 12. Rb1 Qa6 13. Nd2 Nb6 {[%cal Rd5c4]} 14. e4 Bd7 (14... dxc4 $14 15. Nxc4 Nxc4 16. bxc4 e5) 15. Bf1 $18 Qa7 16. Nf3 Rac8 (16... dxe4 $16 17. Nxe4 Rfd8 18. Nxf6+ Bxf6) 17. c5 Na8 18. e5 Ne8 19. Ng5 (19. Bd3 $18 h6 20. Ba3) 19... Bxg5 (19... g6 $16) 20. Bxg5 f5 21. b4 b6 22. cxb6 Qxb6 23. Be7 Rf7 24. Bc5 Qd8 25. b5 {[#] Hoping for b6.} cxb5 26. axb5 ({Don't play} 26. Nxb5 $6 Nb6 $16) 26... Nb6 27. Na4 Nxa4 28. Qxa4 Ra8 29. Qa3 g5 30. b6 Bc6 31. Bb5 Qd7 {[#]} (31... Bb7 {was necessary.} 32. Ra1 Ng7) 32. Qa4 Bxb5 33. Qxb5 a4 34. Qxd7 Rxd7 35. Rb4 g4 $2 (35... a3 36. Ra1 Kg7) 36. Ra1 a3 37. Rb3 a2 38. Rb2 Rb8 39. Rbxa2 Rdb7 40. Ra7 Kf7 41. Rxb7+ Rxb7 {[%mdl 4096] Endgame KRB-KRN} 42. Kf1 Kg6 43. Ra8 Ng7 44. Ra7 Rb8 45. b7 Ne8 46. Bd6 Nxd6 47. exd6 Kf6 48. d7 Ke7 49. Ra8 {Weighted Error Value: White=0.10/Black=0.60} 1-0

[Event "Chess Festival Cracovia B 2020"]
[Site "Krakow"]
[Date "2020.12.31"]
[Round "5.8"]
[White "Cap, Piotr"]
[Black "Szarwacki, Dominik"]
[Result "1-0"]
[WhiteElo "2008"]
[BlackElo "1878"]
[Annotator "TA"]
[PlyCount "57"]
[EventDate "2020.12.28"]
[EventCountry "POL"]
[SourceTitle "playchess.com"]
[Source "ChessBase"]
[SourceQuality "1"]

{[%evp 9,57,11,28,33,47,-50,0,-39,8,21,55,59,71,32,99,68,78,-14,131,118,128,90,101,70,112,81,118,107,230,239,333,332,424,420,768,777,692,475,770,653,629,619,606,603,1245,1204,1283,1276,1499,1158]} 1. d4 Nf6 2. Bg5 Ne4 3. Bf4 d5 4. e3 c5 5. Bd3 Qb6 6. Bxe4 {A45: Trompowsky Attack.} dxe4 {[#]} 7. d5 $146 (7. Nc3 $14 cxd4 8. Qxd4) ({Predecessor:} 7. Nc3 Qxb2 8. Nge2 cxd4 9. exd4 Bg4 10. O-O Bxe2 11. Nxe2 e6 12. Rb1 Qxa2 13. Rxb7 {1-0 (37) Mchedlishvili,M (2570)-Ioannidis,E (2411) Tornelo INT 2020}) 7... Nd7 8. Nc3 {The position is equal.} Nf6 (8... g5 $5 9. Bg3 (9. Bxg5 $2 Qg6 $17) 9... Qxb2 10. Nxe4 b6 $15) 9. Nge2 e6 10. O-O Bd7 11. Bg5 Be7 ({Black should try} 11... Nxd5 $14 12. Nxd5 exd5) 12. Nf4 $16 O-O-O {[#]} 13. a4 (13. Nxe4 $1 $16 {And now b3 would win.} Bb5 14. Bxf6 Bxf6 15. Re1) 13... h6 (13... Qxb2 $11 {remains equal.} 14. Nxe4 Qe5 15. Nxf6 gxf6) 14. Bxf6 gxf6 15. Nxe4 {[%cal Bc3e4,Be4d2,Bd2b3,Bb3c5,Bc5d7,Bd7e5,Be5f7][%mdl 32]} f5 16. Nd2 Qa6 17. c4 e5 18. Nd3 Qf6 {[#] This move loses the game for Black.} (18... e4 $16) 19. Nb3 $1 $18 Rdg8 20. Nbxc5 ({But not} 20. Ndxc5 Be8) 20... Qg5 {[%csl Gg8][%cal Rg5g2]} 21. g3 f4 (21... Bxc5 $142 22. Nxc5 Qd8) 22. exf4 {White is clearly winning.} exf4 23. Nxd7 h5 (23... Bd6 $142 24. Qf3 fxg3 25. fxg3 Kxd7) 24. N7e5 fxg3 25. fxg3 h4 26. g4 Bd6 27. Nxf7 {[%mdl 64] Double Attack} Qe3+ 28. Kh1 Bxh2 29. Qf3 {Weighted Error Value: White=0.34/Black=0.54} ({Inferior is} 29. Kxh2 Qg3+ {[%mdl 64] Double Attack} 30. Kh1 Qh3+ 31. Kg1 Qg3+ 32. Kh1 Qh3+ 33. Kg1 Qg3+ 34. Kh1 $11) 1-0

[Event "Chess Festival Cracovia B 2020"]
[Site "Krakow"]
[Date "2020.12.31"]
[Round "5.9"]
[White "Maslanka, Wojciech"]
[Black "Ruhland, Cliff"]
[Result "1-0"]
[WhiteElo "1781"]
[BlackElo "2006"]
[Annotator "TA"]
[PlyCount "87"]
[EventDate "2020.12.28"]
[EventCountry "POL"]
[SourceTitle "playchess.com"]
[Source "ChessBase"]
[SourceQuality "1"]

{[%evp 13,87,13,14,13,8,21,22,0,17,0,44,0,0,1,8,-14,-8,-16,-20,-23,11,9,10,-22,-12,-11,175,175,178,179,179,191,185,160,178,0,188,167,184,185,167,158,566,548,1034,154,159,168,161,69,157,150,286,290,284,272,261,217,176,147,152,148,381,378,668,659,616,595,588,588,29982,29983,29983,29984,29983,29982]} 1. e4 e5 2. Nf3 Nf6 3. Nxe5 d6 4. Nf3 Nxe4 5. Nc3 Nxc3 6. dxc3 Be7 7. Be3 O-O 8. Qd2 {C42: Petroff Defence: 3 Nxe5 and unusual White 3rd moves.} Nd7 {[%cal Bb8d7,Bd7f6,Bf6d5][%mdl 32]} 9. O-O-O c6 {9...Nf6 is the modern continuation.} 10. c4 {The position is equal.} Nf6 11. Bd3 d5 {[#]} 12. cxd5 $146 ({Predecessor:} 12. Kb1 Re8 13. cxd5 Nxd5 14. h4 Bg4 15. Bg5 Qb6 16. Bxe7 Rxe7 17. Bc4 Rae8 18. Rde1 Bxf3 19. Rxe7 Rxe7 20. gxf3 {½-½ (25) Frolyanov,D (2546)-Kardashevskiy,E (2445) Cheliabinsk 2020}) 12... Nxd5 13. Rhe1 Bg4 14. a3 Bf6 15. h3 Bxf3 16. gxf3 Nxe3 17. fxe3 Qd5 18. Qg2 {Hoping for Bxh7+!} Qa2 19. c3 Bxc3 $2 20. Bb1 $18 Qc4 {( -> ...Bd2+!)} 21. Qc2 $40 {[%csl Gb1][%cal Rc2h7][%mdl 192] Double Attack. White wants a kill.} Bxb2+ 22. Kxb2 {[%csl Gb1][%cal Rc2h7]} Qh4 23. Qc3 Qf2+ 24. Qc2 Qh4 25. f4 a5 {[#]} 26. Rd7 $1 {[%mdl 512]} b5 (26... g6 27. Red1) 27. Red1 Qxh3 $2 (27... Rae8 $16 28. R7d3 Rc8) 28. Qxc6 Qxe3 {[#]} 29. Qxa8 $2 Rxa8 $16 30. Rd8+ {[%mdl 64] Double Attack} Qe8 31. Rxe8+ Rxe8 $18 {[%mdl 4096] Endgame [#] KRB-KR} 32. Rd5 $1 b4 {[#]} (32... g6 $16 {was necessary.}) 33. a4 $1 ({Weaker is} 33. Rxa5 bxa3+ 34. Kc3 (34. Kxa3 g6 $16) 34... g6 $16) 33... Ra8 34. Ba2 Kh8 35. Rb5 {Threatens to win with Bd5.} g6 36. Rb7 f5 37. Bd5 h6 $2 (37... Ra6 $16 38. Rd7 h5) 38. Rb6 Rd8 (38... Ra7 39. Rxg6 Kh7) 39. Rb5 g5 40. fxg5 hxg5 41. Rxa5 {Strongly threatening Ra8.} g4 42. Ra8 {White mates.} Rxa8 43. Bxa8 f4 44. a5 {Weighted Error Value: White=0.23/Black=0.68} 1-0

[Event "Chess Festival Cracovia B 2020"]
[Site "Krakow"]
[Date "2020.12.31"]
[Round "5.10"]
[White "Ravlusevic, Evelina"]
[Black "Derylo, Kamil"]
[Result "0-1"]
[WhiteElo "1581"]
[BlackElo "1998"]
[Annotator "TA"]
[PlyCount "52"]
[EventDate "2020.12.28"]
[EventCountry "POL"]
[SourceTitle "playchess.com"]
[Source "ChessBase"]
[SourceQuality "1"]

{[%evp 22,52,20,14,55,38,42,8,127,46,39,12,19,5,72,0,14,0,5,-47,-40,-363,-222,-682,-673,-1155,-1159,-1152,-1119,-1494,-1477,-29998,-29999]} 1. d4 d5 2. c4 e6 3. Nf3 Nf6 4. Nc3 c5 5. cxd5 exd5 6. e3 a6 7. Be2 Nc6 8. O-O Bd6 9. dxc5 Bxc5 10. a3 O-O 11. b4 {[%cal Bb2b4,Bb4b5][%mdl 32]} Ba7 12. Bb2 Re8 {D32: Tarrasch Defence: Sidelines and lines without g3.} 13. b5 Na5 {[#]} 14. Qc2 $146 ({Predecessor:} 14. bxa6 bxa6 15. Na2 Ne4 16. Nb4 Bb7 17. Rc1 Qd6 18. Bd4 Bxd4 19. Nxd4 Nc4 20. Bxc4 dxc4 {½-½ (42) Andriasian,Z (2585)-Drozdovskij,Y (2620) Abu Dhabi 2009}) 14... Nc4 {[#]} (14... Bg4 $11 {keeps the balance.}) 15. Nxd5 $1 {[%mdl 512]} Nxb2 $14 16. Nc3 Ng4 $1 17. Qxb2 Qf6 (17... Nxf2 $11 {remains equal.} 18. Rxf2 Bxe3) 18. Na4 (18. Rab1 $16) 18... Qh6 19. Bc4 Bb8 20. h3 (20. g3 $1 $11) 20... Ne5 $15 21. Qe2 {[%mdl 8192] [#] Now White is beyond hope.} (21. Nxe5 $1 $15 Bxe5 22. Qa2 Bxh3 23. Bxf7+ (23. gxh3 $2 Qg6+ 24. Kh1 axb5 $19) 23... Kh8 24. f4 (24. Bxe8 $2 Be6 $19) 24... Bxa1 25. Bxe8 Rxe8 26. Rxa1) 21... Bg4 $1 $40 {[%mdl 640] Black attacks with force.} 22. Bd5 {[#]} (22. Bxf7+ Kh8 23. Bd5 (23. Bxe8 $2 {loses.} Nxf3+ 24. Qxf3 Bxf3 $19)) 22... Qd6 $1 $19 23. Bxf7+ (23. g3 Qxd5) 23... Kh8 {( -> ...Nxf3+)} 24. g3 Bxf3 25. Qa2 Qd7 26. Bd5 Qxh3 {[%csl Gf3][%cal Rh3h1] Weighted Error Value: White=1.61/Black=0.28} 0-1

[Event "Chess Festival Cracovia B 2020"]
[Site "Krakow"]
[Date "2020.12.31"]
[Round "5.11"]
[White "Zalega, Maciej"]
[Black "Kaliszuk, Kamil"]
[Result "1-0"]
[WhiteElo "1715"]
[BlackElo "1961"]
[Annotator "TA"]
[PlyCount "89"]
[EventDate "2020.12.28"]
[EventCountry "POL"]
[SourceTitle "playchess.com"]
[Source "ChessBase"]
[SourceQuality "1"]

{[%evp 11,88,20,14,16,20,11,21,15,14,16,36,34,35,36,31,23,24,21,23,20,25,29,46,14,26,27,48,25,38,0,22,0,3,-55,0,0,0,0,0,0,0,-60,-55,-204,-205,-317,-202,-175,-37,-40,-35,-19,0,7,160,152,191,0,58,48,208,95,178,60,145,124,295,301,1342,1314,29989,1780,29979,29980,29980,29978,29998,29999,29999]} 1. e4 e5 2. Nf3 Nc6 3. Bc4 Bc5 4. d3 Nf6 5. c3 d6 6. Nbd2 a6 7. a4 {C54: Giuoco Piano: 4 c3 Nf6, main lines with 5 d4 and 5 d3.} Ba7 8. b4 h6 {[#]} 9. Nf1 $146 {The position is equal.} ({Predecessor:} 9. O-O O-O 10. h3 Be6 11. Bxe6 fxe6 12. Re1 Nh5 13. Nf1 Qf6 14. Ra2 Nf4 15. Bxf4 Qxf4 {½-½ (30) Salgado Lopez,I (2597)-Lazavik,D (2428) Moscow 2020}) 9... O-O 10. Be3 Be6 11. Bxe6 fxe6 12. Bxa7 Rxa7 13. Ng3 Ra8 14. O-O Qe8 15. Qb3 Qf7 16. a5 g5 17. b5 Ne7 18. bxa6 bxa6 19. Rab1 Ng6 20. Qd1 g4 21. Nd2 h5 22. f3 (22. Ne2 $11) 22... Qg7 ({Black should play} 22... Nf4 $15) 23. fxg4 $11 hxg4 24. Nc4 Rf7 25. Ne3 Nf4 26. Ne2 (26. Rb2 $11) 26... Qg5 $15 27. Nc2 (27. Ng3 $1 $15) 27... Rh7 $19 {Hoping for ...Qh4.} 28. g3 {[#]} (28. Nxf4 {keeps fighting.} exf4 29. Qd2) 28... Qh6 $1 {[%csl Gh7][%cal Rh6h2]} 29. h4 {[%cal Re2f4]} gxh3 (29... Nh3+ $1 $19 30. Kg2 Rf8) 30. Nxf4 $15 exf4 31. Rxf4 Rg7 32. Qf3 Nh5 (32... Nd7 $11) 33. Rh4 $1 $16 {[%csl LRh3,LRh5][%cal Rh4h5][%mdl 64] Double Attack} Qd2 {( -> ...Rf8)} 34. Rxh5 $2 ({Only move:} 34. Rxh3 $18 Qxc2 35. Rf1 Qxc3 36. Rxh5 (36. Qxh5 Qc5+ 37. Qxc5 dxc5 $14)) 34... Qxc2 ({Better is} 34... Rf7 $1 $11 35. Qg4+ {[%mdl 64] Double Attack} Kf8) 35. Rf1 $14 Qxc3 $2 (35... Qg2+ $1 $14 36. Qxg2 hxg2) 36. Rxh3 (36. Kh2 $18 {has better winning chances.}) 36... Qc5+ {[#]} (36... Qe5 $16) 37. Rf2 ({White must play} 37. Kg2 $1 $18 {Strongly threatening Rfh1.} Rb8 38. Rh5) 37... Rb8 {[#]} (37... Qc1+ $14 38. Rf1 Qg5) 38. Rh5 $1 $40 {[%cal Rh5c5][%mdl 128] White is out for blood.} Qd4 (38... d5 $16) 39. Kg2 $18 {Threatens to win with Qf4.} c5 $2 (39... d5 40. exd5 e5) 40. Qf4 Qxd3 41. Qh4 (41. Rg5 $142 Qxe4+ 42. Qxe4 Rxg5 43. Qxe6+ {[%mdl 64] Double Attack} Kh7 44. Rf6 Rb2+ 45. Kh3 Rh5+ 46. Kg4) 41... Rxg3+ 42. Qxg3+ {White mates.} Qxg3+ 43. Kxg3 Rb4 44. Rg5+ Kh7 45. Rh2# {Weighted Error Value: White=0.32/Black=0.76} 1-0

[Event "Chess Festival Cracovia B 2020"]
[Site "Krakow"]
[Date "2021.01.02"]
[Round "6.1"]
[White "Musial, Tomasz"]
[Black "Prieb, Robert"]
[Result "1-0"]
[WhiteElo "2026"]
[BlackElo "2032"]
[Annotator "TA"]
[PlyCount "67"]
[EventDate "2020.12.28"]
[EventCountry "POL"]
[SourceTitle "playchess.com"]
[Source "ChessBase"]
[SourceQuality "1"]

{[%evp 13,67,17,32,12,17,13,18,21,9,11,53,42,50,41,69,28,76,68,72,73,62,74,68,63,116,102,113,104,173,172,179,158,177,146,152,160,418,425,408,338,495,506,654,483,460,195,900,911,1101,1050,1223,1200,6011,6004,6000,2187]} 1. d4 Nf6 2. c4 g6 3. Nf3 Bg7 4. g3 c6 5. Bg2 d5 6. Qb3 a5 7. O-O O-O 8. Rd1 {D78: Fianchetto Grünfeld: 6 0-0 c6.} a4 9. Qb4 dxc4 10. Qxc4 {The position is equal.} b5 11. Qc3 {[#]} Nd5 $146 ({Predecessor:} 11... Qb6 12. Ne5 Bb7 13. Bg5 h6 14. Bxf6 exf6 15. Nd3 Na6 16. Nd2 f5 17. e3 Rac8 {1-0 (41) Pantsulaia,L (2588)-Yilmaz,M (2515) Porto Carras 2011}) 12. Qe1 Na6 13. Nc3 Nab4 {White must now prevent ...Nc2.} 14. Qd2 Qc7 15. e4 Nxc3 16. Qxc3 Na6 17. Bf4 Qb6 18. Rac1 Bb7 {White now steadily converts the win.} (18... c5 $14) 19. Qe3 Rac8 20. Bh6 Rfd8 (20... c5 $16) 21. Bxg7 $18 Kxg7 {[#]} 22. h4 $1 h5 23. Bh3 Rc7 24. Ng5 {Hoping for Be6!} c5 $2 (24... e5 $16) 25. d5 Bc8 26. Qc3+ Kg8 {[#]} (26... f6 $142) 27. Nxf7 $1 {[%mdl 512]} Rf8 (27... Bxh3 28. Nxd8) 28. Bxc8 Rcxc8 29. Ng5 $40 {[%mdl 128] White is out for blood.} (29. Qh8+ $142 Kxf7 30. Qh7+ Ke8 31. d6 exd6 32. Qxg6+ {[%mdl 64] Double Attack} Kd7 33. e5) 29... b4 $2 (29... c4) 30. Qc4 {White is clearly winning.} Kh8 31. e5 Nc7 32. d6 exd6 33. Rxd6 Qb5 34. Qe4 {Weighted Error Value: White=0.28/Black=0.48} 1-0

[Event "Chess Festival Cracovia B 2020"]
[Site "Krakow"]
[Date "2021.01.02"]
[Round "6.2"]
[White "Golenia, Wojciech"]
[Black "Krawczyk, Flawian"]
[Result "1-0"]
[WhiteElo "2004"]
[BlackElo "2073"]
[Annotator "TA"]
[PlyCount "205"]
[EventDate "2020.12.28"]
[EventCountry "POL"]
[SourceTitle "playchess.com"]
[Source "ChessBase"]
[SourceQuality "1"]

{[%evp 10,205,16,18,6,5,17,11,20,4,50,35,51,44,60,-33,-19,-37,-33,-33,-25,-29,-31,-50,-27,-56,-42,-51,-54,-50,-44,-48,-54,-49,-45,-55,-51,-76,-77,-108,-52,-40,-27,-40,-22,-32,-15,-29,12,12,4,-8,-10,-8,0,0,0,-4,0,-10,-4,-19,0,-10,-11,-18,0,-8,-12,-8,-8,-15,-12,-20,0,0,22,8,52,52,52,52,52,52,52,52,52,52,60,20,20,20,18,22,27,14,27,10,70,70,70,70,70,70,70,66,66,62,72,73,73,72,113,70,192,179,159,176,236,233,261,258,266,212,366,234,351,326,443,188,174,170,219,212,212,212,338,305,417,417,451,446,429,408,434,409,365,212,212,212,212,212,212,212,212,212,5089,212,29939,5324,12847,212,29956,29959,29957,29959,29958,29959,29949,29954,29957,29956,29957,29954,29948,10329,29937,5093,5974,4087,29971,29972,29971,29972,29977,6588,29980,29981,29981,29982,29982,29983,29983,29984,29984,29985,29988,29989]} 1. c4 e5 2. Nc3 Nf6 3. g3 d5 4. cxd5 Nxd5 5. Bg2 Nb6 6. e3 Nc6 {A22: English Opening: 1...e5 2 Nc3 Nf6.} 7. Nge2 Be7 8. O-O O-O {The position is equal.} 9. f4 exf4 10. Nxf4 Re8 11. d4 Bf8 {[#]} 12. d5 $146 ({White should play} 12. Qf3 $14) ({Predecessor:} 12. Kh1 Nc4 13. Qd3 Nd6 14. e4 Nb4 15. Qd1 c6 16. b3 Na6 17. Bb2 Nc7 18. Qd3 {1-0 (49) Ponkratov,P (2628)-Drygalov,A (2497) Khanty-Mansiysk 2018}) 12... Ne5 $15 13. e4 Bc5+ 14. Kh1 Qe7 15. h3 Bd7 16. Nd3 Bd6 (16... Bd4 $5 {[%cal Rd4c3]} 17. Nxe5 Bxe5 $11) 17. Bf4 Nbc4 18. Nxe5 Bxe5 19. Qe2 Qb4 20. Bxe5 Nxe5 21. Rad1 Qd6 22. Qf2 a5 23. Ne2 Bb5 24. Rg1 {[#]} Bxe2 (24... Ng4 $1 $17 {[%cal Rg4f2][%mdl 512]} 25. Qf3 Bxe2 26. Qxe2 Nf6) 25. Qxe2 Qg6 26. Qf2 Ra6 27. Rgf1 Qg5 (27... a4 {looks sharper.} 28. Qe3 c6 29. Rc1 Raa8 30. Rfd1 Rad8) 28. Qf4 Rg6 (28... Qd8 {feels hotter.} 29. Qe3 Rd6 30. Qb3 Qb8 31. Rc1 c6) 29. Qxg5 Rxg5 30. Kh2 Rg6 31. Rc1 Re7 32. Rc3 Rb6 33. Rf2 f6 34. Rfc2 c6 35. Kg1 Rd7 36. Rd2 Kf8 37. Kf2 Ke7 38. b3 a4 39. bxa4 Rb4 40. a5 Ra4 41. Rc5 Rd8 42. Bf1 Rxe4 43. Rb2 $1 {[%cal Rb2b7]} Rd7 44. a6 bxa6 45. dxc6 Rc7 46. Bxa6 Rxc6 47. Rxc6 Nxc6 $14 {[%mdl 4096] Endgame KRB-KRN} 48. Bd3 Rb4 49. Re2+ (49. Rc2 $5 {[%cal Rc2c6]} Kd6 50. Bxh7 $14) 49... Kf7 50. a3 {[%cal Ba2a3,Ba3a4,Ba4a5,Ba5a6][%mdl 32]} Rd4 51. Bb5 Ne5 52. a4 Ke7 53. Ra2 {a5 is the strong threat.} Rb4 (53... Rd5 $1 $11) 54. Be2 Rb7 55. a5 Ra7 56. a6 Kd6 57. Ke3 Nc6 58. Kf4 g6 59. g4 Nd4 60. Bf1 Ne6+ 61. Ke4 f5+ {Black cannot hold the game after this.} (61... Nc5+ $14 62. Kd4 Kc6) 62. gxf5 $18 gxf5+ 63. Ke3 ({Not} 63. Kxf5 Rf7+ 64. Kg4 Rxf1 $11) 63... Ke5 (63... Nc7 $142 64. Rb2 f4+ 65. Kf3 (65. Kxf4 Nxa6 66. Rb6+ Kc5 $11) 65... Nd5) 64. Ra5+ Kd6 65. Rxf5 Nc5 66. Kf4 Rg7 $2 (66... Re7 67. Rf6+ Kc7) 67. Rf6+ Kc7 (67... Kd5 $142 68. Be2 Ra7) 68. Ke3 Rd7 69. Rf4 (69. Bb5 $142 Re7+ 70. Kd4 Ne6+ 71. Kd5) 69... Kb6 70. Rh4 Ka7 {[#]} 71. Rh6 $1 Re7+ 72. Kd4 Nd7 (72... Nb3+ {is a better defense.} 73. Kd5 Nd2) 73. Bd3 Nf8 74. h4 Rd7+ 75. Ke3 Rf7 76. h5 Rd7 77. Rf6 Re7+ 78. Kd2 (78. Kf4 $142 Ne6+ 79. Ke5 Nc7+ 80. Kd6) 78... Ne6 79. h6 Nc5 {intending ...Rd7.} 80. Rd6 Nxd3 81. Kxd3 {KR-KR} ({Inferior is} 81. Rxd3 Kxa6 82. Rd6+ Kb5 $11) 81... Re5 82. Kd4 Rh5 $2 (82... Rg5 83. Ke4 Ra5) 83. Ke4 $2 (83. Rd7+ Kxa6 84. Rxh7) 83... Rh1 $2 (83... Rb5 $18 84. Rd7+ Kxa6 85. Rxh7 Rb4+ 86. Kf5 Rb5+ 87. Kg6 Rb6+ 88. Kf5 Rb5+ 89. Kg6 Rb6+ 90. Kg5 Rb5+ 91. Kg6) 84. Kf4 (84. Rd7+ $142 Kxa6 85. Rxh7 Re1+ 86. Kf5 Rf1+ 87. Ke5 Re1+ 88. Kf4 Rf1+ 89. Kg4 Rg1+ 90. Kh5 Rh1+ 91. Kg5 Rg1+ 92. Kh5 Rh1+ 93. Kg6 Rg1+ 94. Kf5 Rf1+ 95. Kg6 Rg1+ 96. Kf6 Rf1+ 97. Kg6 Rg1+) 84... Rf1+ 85. Ke5 {Hoping for Rd7+.} Rf2 $2 (85... Rh1 $18 86. Rd7+ Kxa6 87. Rxh7 Re1+ 88. Kf6 Rf1+ 89. Ke7 Re1+ 90. Kf7 Rf1+ 91. Kg8 Rf6) 86. Ke6 Rf1 87. Ke7 Rf2 88. Rf6 Rg2 89. Kf8 Rg1 90. Re6 Rg2 91. Rd6 Rg1 92. Rc6 (92. Rd7+ $142 Kxa6 93. Rg7 Rh1 94. Rxh7 Kb6 95. Rh8 Rh3 96. Kg7 Rg3+ 97. Kh7) 92... Rg2 93. Rc7+ Kxa6 94. Rxh7 Rh2 95. Rh8 Kb7 96. Kg7 Kc7 97. Rf8 (97. h7 $142 Rg2+ 98. Kf6 Rh2 99. Ra8 Rf2+ 100. Ke5 Re2+ 101. Kf4 Rf2+ 102. Ke5) 97... Kd7 98. Rf6 {White mates.} Ke7 99. Rg6 Rf2 100. h7 Rf7+ 101. Kh6 Rf8 102. Rg8 Rf6+ 103. Kg5 {Weighted Error Value: White=0.09/Black=0.11} 1-0

[Event "Chess Festival Cracovia B 2020"]
[Site "Krakow"]
[Date "2021.01.02"]
[Round "6.3"]
[White "Golenia, Jan"]
[Black "Cap, Piotr"]
[Result "1/2-1/2"]
[WhiteElo "2070"]
[BlackElo "2008"]
[Annotator "TA"]
[PlyCount "36"]
[EventDate "2020.12.28"]
[EventCountry "POL"]
[SourceTitle "playchess.com"]
[Source "ChessBase"]
[SourceQuality "1"]

{[%evp 13,36,19,44,38,44,31,49,46,65,78,77,69,90,68,82,39,45,12,28,0,22,22,60,49,46]} 1. c4 Nf6 2. Nc3 g6 3. Nf3 Bg7 4. d4 O-O 5. e4 d6 6. h3 Na6 7. Be3 c5 8. d5 {E90: King's Indian: Classical: Early deviations and 6 h3.} Nc7 9. Qd2 Rb8 10. a4 a6 {[#]} 11. a5 $146 ({Predecessor:} 11. Be2 Re8 12. O-O Nd7 13. Kh1 Ne5 14. Nxe5 Bxe5 15. f4 Bg7 16. f5 Bd7 17. Bh6 {1-0 (28) Polivanov,A (2425)-Fekih,B (2280) IECG email 2003}) 11... b5 12. axb6 $1 Rxb6 13. Bd3 e5 14. g4 Bd7 15. Na2 {[#] And now b4 would win.} Rb3 16. Nc1 (16. Qc2 $5 {[%cal Rc2b3]} Rb7 17. Nd2 $11) 16... Rb7 17. b3 Nfe8 18. Rg1 Kh8 {Weighted Error Value: White=0.12/Black=0.14} 1/2-1/2